[Event "POL-ch U20"]
[Site "?"]
[Date "1994.??.??"]
[Round "3"]
[White "Oliwa, Marek"]
[Black "Macieja, Bartlomiej"]
[Result "1-0"]
[WhiteElo "2350"]
[BlackElo "2350"]

1.Nf3 Nf6 2.c4 e6 3.d4 Bb4+ 4.Bd2 Qe7 5.a3 Bxd2+ 6.Qxd2 d6 7.Nc3 O-O 8.Qg5 Re8
9.e3 e5 10.dxe5 dxe5 11.Be2 c6 12.O-O Nbd7 13.Nd2 h6 14.Qh4 e4 15.Rfd1 Nf8
16.Nb3 Bf5 17.Qf4 Bg6 18.Qd6 Ne6 19.c5 Kf8 20.Bc4 Bh5 21.Qxe7+ Rxe7 22.Rd6 Ne8
23.Rd2 Nd8 24.Na5 f5 25.b4 Nf7 26.Bxf7 Kxf7 27.Rd4 Rc7 28.Nc4 Rb8 29.h3 b6
30.cxb6 axb6 31.g4 b5 32.gxh5 bxc4 33.Rxc4 Nd6 34.Rc5 Ke6 35.Ne2 Nb5 36.a4 Ra8
37.Nf4+ Kd7 38.Rd1+ Nd6 39.Rxf5 Re8 40.Rc5 Rb8 41.Rc4 Rf8 42.b5 Rcc8 43.b6 c5
44.Rxe4  1-0

[Event "CRO-ch (Women)"]
[Site "Porec"]
[Date "1994.??.??"]
[Round "?"]
[White "Macek, Vlasta"]
[Black "Sulc, Gordana"]
[Result "1-0"]
[WhiteElo "2250"]
[BlackElo "2035"]

1.d4 Nf6 2.Nf3 e6 3.c4 Bb4+ 4.Bd2 Qe7 5.Qc2 Bxd2+ 6.Nbxd2 d6 7.e3 O-O 8.Be2 a5
9.O-O Nc6 10.a3 d5 11.Rfc1 Bd7 12.Bd3 g6 13.h3 Ne8 14.e4 dxc4 15.Nxc4 a4
16.Re1 f6 17.Rad1 Qg7 18.Bf1 b5 19.Ne3 Rb8 20.d5 Nd8 21.Nd4 exd5 22.Nxd5 c6
23.Nf4 Nc7 24.Qc5 Nb7 25.Qc3 c5 26.Nf3 Rbd8 27.Nd5 Ne6 28.Rd2 Bc6 29.Red1 Rf7
30.e5 Bxd5 31.Rxd5 Rxd5 32.Rxd5 Nf4 33.Rd1 c4 34.Qb4 fxe5 35.Qxb5 e4 36.Ne5  1-0

[Event "Bohemians"]
[Site "Prague"]
[Date "1994.??.??"]
[Round "6"]
[White "Mozny, Milos"]
[Black "Gaertner, Guntram"]
[Result "1/2-1/2"]
[WhiteElo "2405"]
[BlackElo "2310"]

1.Nf3 Nf6 2.d4 e6 3.c4 Bb4+ 4.Bd2 a5 5.g3 b6 6.Bg2 Bb7 7.O-O Bxd2 8.Nbxd2 d6
9.Qc2 Nbd7 10.e4 e5 11.c5 bxc5 12.dxe5 dxe5  1/2-1/2

[Event "CRO-Cup"]
[Site "Pula"]
[Date "1994.??.??"]
[Round "1"]
[White "Havas, Ladislav"]
[Black "Hulak, Krunoslav"]
[Result "0-1"]
[WhiteElo "2280"]
[BlackElo "2530"]

1.d4 Nf6 2.c4 e6 3.Nf3 Bb4+ 4.Bd2 Qe7 5.g3 Nc6 6.Bg2 Bxd2+ 7.Nbxd2 d6 8.O-O O-O
9.e4 e5 10.d5 Nb8 11.b4 c6 12.Ne1 a5 13.a3 cxd5 14.cxd5 Bd7 15.f3 Na6 16.Rb1 axb4
17.axb4 Rfc8 18.Rf2 Nc7 19.Ra1 Rxa1 20.Qxa1 Nb5 21.Bf1 Nd4 22.Nc4 h5 23.Nb6 Rc7
24.Na8 Rc8 25.Nb6 Rc7 26.Na8 Nb3 27.Qb2 Rc1 28.Qxb3 Rxe1 29.Qc3 Rb1 30.Rc2 Qd8
31.Nc7 Ne8 32.Kg2 h4 33.Be2 Qg5 34.Nxe8 hxg3 35.hxg3 Qh6 36.f4 Qh1+ 37.Kf2 Qh2+
38.Ke3 Qxg3+ 39.Kd2 Qe1+ 40.Ke3 Qg1+ 41.Kd2 Qe1+ 42.Ke3 exf4+ 43.Kxf4 Qf2+  0-1

[Event "CRO-Cup"]
[Site "Pula"]
[Date "1994.??.??"]
[Round "1"]
[White "Lisjak, Zlatko"]
[Black "Dizdar, Goran"]
[Result "0-1"]
[WhiteElo "2345"]
[BlackElo "2465"]

1.d4 Nf6 2.c4 e6 3.Nf3 Bb4+ 4.Bd2 c5 5.Bxb4 cxb4 6.Nbd2 O-O 7.e4 d6 8.Bd3 e5
9.h3 Nc6 10.d5 Nb8 11.g4 Na6 12.Qe2 Nc5 13.Bc2 a5 14.Nf1 b5 15.cxb5 Rb8 16.N3d2 Bd7
17.Ng3 Ne8 18.Nc4 Bxb5 19.h4 Rc8 20.b3 a4 21.Nf5 Bxc4 22.bxc4 g6 23.Ne3 Nf6
24.f3 Nfd7 25.Kf2 b3 26.axb3 axb3 27.Bb1 Ra8 28.Rxa8 Qxa8 29.Kg3 Qd8 30.Qd2 f6
31.h5 g5 32.Nf5 Nb6 33.Qb4 Nc8 34.Qb5 Ne7 35.Nxe7+ Qxe7 36.Qb6 Qd8 37.Qb4 Qb8
38.Qd2 Qb6 39.h6 Rb8 40.Rh5  0-1

[Event "EUCup Gr"]
[Site "Pula"]
[Date "1994.??.??"]
[Round "2"]
[White "Savchenko, Stanislav"]
[Black "Hulak, Krunoslav"]
[Result "1/2-1/2"]
[WhiteElo "2540"]
[BlackElo "2530"]

1.d4 Nf6 2.c4 e6 3.Nf3 Bb4+ 4.Bd2 Qe7 5.g3 Nc6 6.Nc3 Bxc3 7.Bxc3 Ne4 8.Rc1 O-O
9.Bg2 d6 10.d5 Nxc3 11.Rxc3 Nd8 12.O-O e5 13.c5 dxc5 14.Qc2 e4 15.Nd2 f5
16.Rxc5 c6 17.Rd1 cxd5 18.Rc7 Bd7 19.Nb3 Qd6 20.Qc5 Qxc5 21.Rxc5 Bc6 22.Nd4 Rf6
23.b4 a6 24.e3 Kf7 25.Bf1 Ne6 26.Ra5 Nxd4 27.Rxd4 Rd8 28.a4 Rfd6 29.h4 Kf6
30.b5 axb5 31.Bxb5 b6 32.Ra7 Bxb5 33.axb5 Rc8 34.Rda4 h5 35.Rb7 Rc5 36.Raa7 g6
37.Rg7 Re6 38.Rg8 Rxb5 39.Rd7 Ke5 40.Kg2 Rc5 41.Rgd8 Rec6 42.Re8+ Kf6 43.Rf8+ Ke5
44.Re8+ Re6 45.Red8 b5 46.Rb8 Rec6 47.Rdb7 d4 48.exd4+ Kxd4 49.Rxb5 Rxb5
50.Rxb5 Rc2 51.Rb8 Kd3 52.Kf1 Rc1+ 53.Kg2 Ke2 54.Rb2+ Ke1 55.Ra2 Rd1 56.Ra3 Rd2
57.Ra1+ Ke2 58.Ra3  1/2-1/2

[Event "CRO-Cup"]
[Site "Pula"]
[Date "1994.??.??"]
[Round "5"]
[White "Radocaj, Denis"]
[Black "Dizdar, Goran"]
[Result "0-1"]
[WhiteElo "2335"]
[BlackElo "2465"]

1.d4 Nf6 2.c4 e6 3.Nf3 Bb4+ 4.Bd2 c5 5.Bxb4 cxb4 6.g3 O-O 7.Bg2 d6 8.O-O Nc6
9.Nbd2 Re8 10.Qb3 a5 11.a3 a4 12.Qd1 b3 13.e3 h6 14.Ne1 Bd7 15.Nd3 Rc8 16.Rc1 Na5
17.f4 d5 18.Nc5 b6 19.Nxd7 Qxd7 20.Qe2 Nxc4 21.Nxc4 Qb5 22.Rfe1 Rxc4 23.Bf1 Rec8
24.Qd2 Ne4 25.Bxc4 dxc4 26.Qg2 Qd5 27.g4 b5 28.h4 c3 29.bxc3 Rxc3 30.Rxc3 Nxc3
31.Qd2 Qc4 32.g5 hxg5 33.hxg5 b4 34.Qb2 Ne4 35.axb4 Qxb4 36.Rc1 Qd2 37.g6 fxg6
38.Rc8+ Kh7 39.Qxd2 Nxd2 40.Rb8 a3  0-1

[Event "Quebeck op"]
[Site "Quebec"]
[Date "1994.??.??"]
[Round "2"]
[White "Abreu, Jorge D"]
[Black "Morin, Yves"]
[Result "1-0"]
[WhiteElo "2385"]
[BlackElo "2225"]

1.d4 Nf6 2.c4 e6 3.Nf3 Bb4+ 4.Bd2 c5 5.Bxb4 cxb4 6.e3 O-O 7.Bd3 d6 8.O-O Re8
9.a3 e5 10.Be2 e4 11.Nfd2 Na6 12.axb4 Nxb4 13.Nc3 Bf5 14.Ra4 a5 15.Na2 Nc6
16.Ra3 Bg6 17.f4 exf3 18.Bxf3 Qe7 19.Rf2 Rac8 20.h3 h6 21.Nf1 Qc7 22.Nc3 Nb4
23.Nb5 Qb6 24.b3 d5 25.Be2 Bc2 26.Qc1 Bd3 27.Qd1 dxc4 28.bxc4 Bxc4 29.Nc3 Qa6
30.Qa4 Bxe2 31.Nxe2 Ne4 32.Qxa5 Nxf2 33.Kxf2 Qf6+ 34.Kg1 Nc2 35.Rb3 Ra8 36.Qb5 Qa6
37.Qh5 Na3 38.Neg3 b5 39.Qg4 Qe6 40.Qd1 g6 41.e4 Qb6 42.Qd3 Qa6 43.e5 Nc4
44.Ne4 Red8 45.Nf6+ Kg7 46.Qe4 Qb6 47.Rd3 Ra3 48.Rd1 b4 49.Kh2 Qe6 50.Ng4 Qf5
51.Qc6 Qf4+ 52.g3 Ra2+ 53.Kg1 Nxe5 54.dxe5 Qg5 55.Qf6+  1-0

[Event "Rishon Le Ziyyon"]
[Site "Rishon Le Ziyyon"]
[Date "1994.??.??"]
[Round "2"]
[White "Chernin, Alexander"]
[Black "Davies, Nigel R"]
[Result "1/2-1/2"]
[WhiteElo "2615"]
[BlackElo "2510"]

1.d4 Nf6 2.c4 e6 3.Nf3 Bb4+ 4.Bd2 Bxd2+ 5.Qxd2 d5 6.g3 Nbd7 7.Bg2 c6 8.Na3 Ne4
9.Qc2 Qa5+ 10.Nd2 Qxd2+ 11.Qxd2 Nxd2 12.Kxd2 Nf6 13.Rhd1 Ke7 14.Ke1 Bd7 15.Rac1 Rhc8
16.Nb1 Rab8 17.Nd2 b6 18.Nf1 dxc4 19.Rxc4 c5 20.dxc5 Rxc5 21.Rxc5 bxc5 22.b3 a5
23.Rc1 a4 24.Nd2 Rc8 25.Nc4 axb3 26.axb3 Rb8 27.Nd2 Rc8 28.Bb7 Rc7 29.Bf3 Bb5
30.b4 Kd6 31.bxc5+ Rxc5 32.Rxc5 Kxc5 33.Ne4+  1/2-1/2

[Event "ROM-chT"]
[Site "ROM"]
[Date "1994.??.??"]
[Round "?"]
[White "Cosma, Ioan"]
[Black "Stoica, Valentin"]
[Result "1/2-1/2"]
[WhiteElo "2435"]
[BlackElo "2445"]

1.d4 Nf6 2.c4 e6 3.Nf3 Bb4+ 4.Bd2 c5 5.Bxb4 cxb4 6.g3 O-O 7.Bg2 d6 8.O-O Nc6
9.Nbd2 Re8 10.e4 e5 11.d5 Nb8 12.Ne1 a5 13.Nd3 Na6 14.a3 bxa3 15.Rxa3 Nd7
16.Qa1 b6 17.f4 Rb8 18.f5 f6 19.h4 Nac5 20.g4 Kh8 21.Nf2 a4 22.Rg3 b5 23.cxb5 Rxb5
24.Kh2 Rb4 25.g5 Rd4 26.Qe1 Ba6 27.Rg1 Qa5 28.Rc3 a3 29.Nb3 Nxb3 30.Rxb3 Qxe1
31.Rxe1  1/2-1/2

[Event "San Bernardino op"]
[Site "San Bernardino"]
[Date "1994.??.??"]
[Round "?"]
[White "Dubeck, Michael"]
[Black "Schauwecker, Meinrad"]
[Result "1/2-1/2"]
[WhiteElo "2320"]
[BlackElo "2365"]

1.d4 e6 2.Nf3 Nf6 3.c4 Bb4+ 4.Bd2 Bxd2+ 5.Qxd2 d6 6.g3 Nbd7 7.Bg2 O-O 8.O-O c6
9.Nc3 Qe7 10.Rfe1 Re8 11.b3 Nf8 12.e4 e5 13.h3 Ng6 14.Rad1 Bd7 15.Re3 Rac8
16.Rd3 Rc7 17.Kh2 h6 18.Qb2 b6 19.Qa3 Bc8 20.Re3 a6 21.Qc1 b5 22.Qa3 b4 23.Qxb4 exd4
24.Nxd4 c5 25.Qb6 Rb7 26.Qa5 cxd4 27.Rxd4 Ne5 28.Nd5 Nxd5 29.Rxd5 Nc6 30.Qd2 Rd7
31.f4 Nb8 32.Red3 Red8 33.h4 Bb7 34.R5d4 Nc6 35.Rd5 Nb8 36.R5d4 Re8 37.e5 Bxg2
38.Kxg2 Red8  1/2-1/2

[Event "Schwaebisch Gmuend op"]
[Site "Schwaebisch Gmuend"]
[Date "1994.??.??"]
[Round "3"]
[White "Lomineishvili, Maia"]
[Black "Ksieski, Zbigniew"]
[Result "1-0"]
[WhiteElo "2155"]
[BlackElo "2355"]

1.d4 Nf6 2.c4 e6 3.Nf3 Bb4+ 4.Bd2 a5 5.e3 O-O 6.Bd3 d5 7.Nc3 b6 8.O-O Ba6
9.Qe2 Nbd7 10.a3 dxc4 11.Bxc4 Bxc4 12.Qxc4 Bd6 13.e4 e5 14.d5 Nc5 15.b4 b5
16.Qe2 Nb3 17.Rab1 axb4 18.axb4 Nxd2 19.Nxd2 Qe7 20.Nxb5 Bxb4 21.Nf3 Ba5
22.Rfc1 Nh5 23.g3 f5 24.exf5 Rxf5 25.Nbd4 Rff8 26.Ne6 Bb6 27.Nxf8 Qxf8 28.Rb3 Re8
29.Ng5 Nf6 30.Rc2 h6 31.Ne4 Nxd5 32.Qc4 Qf7 33.Kg2 Rf8 34.h3 Kh8 35.Qd3 Nf6
36.Nxf6 gxf6 37.Rb4 Bd4 38.Qe4 f5 39.Qc6 f4 40.Qxh6+ Kg8 41.Rxd4 exd4 42.Rc6 Qd5+
43.Kg1 Qe5 44.Re6 Qc5 45.Rg6+ Kf7 46.Rg7+  1-0

[Event "SCO-ch"]
[Site "SCO"]
[Date "1994.??.??"]
[Round "?"]
[White "Farrell, Neil"]
[Black "Buchanan, Walter F"]
[Result "1-0"]
[WhiteElo "2140"]
[BlackElo "2165"]

1.d4 Nf6 2.c4 e6 3.Nf3 Bb4+ 4.Bd2 Bxd2+ 5.Qxd2 d6 6.Nc3 O-O 7.g3 Qe7 8.Bg2 e5
9.O-O Re8 10.e4 Bg4 11.Ne1 Nc6 12.f3 Bd7 13.Nc2 exd4 14.Nxd4 Qe5 15.Ndb5 Na5
16.b3 a6 17.Nd4 Nc6 18.Nc2 Qc5+ 19.Kh1 Qh5 20.Nd5 Nxd5 21.cxd5 Ne5 22.Nd4 Bh3
23.Rac1 Re7 24.Rc3 Rc8 25.Rfc1 Bxg2+ 26.Kxg2 c5 27.dxc6 bxc6 28.f4 Ng4 29.h3 Rxe4
30.hxg4 Qd5 31.Nf3 Qxd2+ 32.Nxd2 Re2+ 33.Kf3 Rxd2 34.Rxc6 Re8 35.Re1 Rd3+
36.Kf2 Rd2+ 37.Kf1 Rd8 38.Rxa6 Rd3 39.Kf2 g6 40.Ra7 Rc8 41.Rae7 Kg7 42.R7e3 Rd2+
43.R3e2 Rd3 44.Re3 Rd2+ 45.R1e2 Rd1 46.Rb2 Rcc1 47.Ree2 Rf1+ 48.Ke3 Rc3+
49.Kd2 Rxg3 50.b4 Rxf4 51.b5 Rgxg4 52.b6 Rb4 53.Kc1 Rgc4+ 54.Kb1 Rxb6 55.Rxb6 h5
56.Kb2 h4 57.Kb3 Rc1 58.a4 g5 59.a5 Ra1 60.Ra2 Rb1+ 61.Kc2  1-0

[Event "Sitges op"]
[Site "Sitges"]
[Date "1994.??.??"]
[Round "9"]
[White "Ivlev, Valentin"]
[Black "Gasimov, Ragim"]
[Result "1/2-1/2"]
[WhiteElo "2000"]
[BlackElo "2420"]

1.d4 Nf6 2.Nf3 e6 3.c4 Bb4+ 4.Bd2 Qe7 5.a3 Bxd2+ 6.Qxd2 d6 7.Nc3 O-O 8.g3 e5
9.Bg2 a5 10.O-O Re8 11.Qc2 h6 12.dxe5 dxe5 13.Nd2 c6 14.Nde4 Nxe4 15.Bxe4 Na6
16.Na4 Bh3 17.Rfd1 Nc5 18.Nxc5 Qxc5 19.Rd2 Be6 20.Rc1 Red8 21.Qd1 Rf8 22.e3 f5
23.Bd5 Bf7 24.Bxf7+ Rxf7 25.Rd7 Raf8 26.Qd6 Qxd6 27.Rxd6 f4 28.Rc2 fxe3 29.fxe3 Rf3  1/2-1/2

[Event "Sitges op"]
[Site "Sitges"]
[Date "1994.??.??"]
[Round "9"]
[White "Montilla Carrillo, E."]
[Black "Fernandez, Juan Luis"]
[Result "0-1"]
[WhiteElo "2245"]
[BlackElo "2320"]

1.d4 Nf6 2.c4 e6 3.Nf3 Bb4+ 4.Bd2 c5 5.e3 O-O 6.Bd3 Nc6 7.O-O d5 8.dxc5 Bxc5
9.a3 Qe7 10.b4 Bd6 11.Nc3 a6 12.Rc1 Rd8 13.Qc2 dxc4 14.Bxc4 b5 15.Bd3 Bb7
16.Ne4 Rac8 17.Qb1 Ne5 18.Nxe5 Bxe4 19.Bxe4 Rxc1 20.Bxc1 Bxe5 21.Bf3 Qc7
22.g3 h5 23.Bb2 Bxb2 24.Qxb2 e5 25.Rc1 Qe7 26.Rc5 e4 27.Be2 Rd6 28.h3 Qd7
29.Kg2 Rd2 30.Rc2 Rxc2 31.Qxc2 Kh7 32.Qc5 h4 33.gxh4 Nd5 34.Qd4 Nf4+ 35.Kf1 Qxh3+
36.Ke1 Qh1+ 37.Kd2 Nxe2 38.Kxe2 Qxh4 39.Qd6 Qh6 40.Qe5 Qc6 41.Qh2+ Kg6 42.Qg3+ Kf6
43.Qh4+ Ke6 44.Qg4+ Kd5 45.Qf5+ Kc4 46.Qxf7+ Kc3 47.Qxg7+ Kb3 48.Qa1 Qc2+
49.Ke1 Ka4 50.Qf6 Kxa3 51.Qxa6+ Kxb4 52.Qd6+ Kb3 53.Qd5+ Qc4 54.Qd1+ Kb2
55.f4 b4 56.Qe2+ Qxe2+ 57.Kxe2 Kc1 58.f5 b3 59.f6 b2 60.f7 b1=Q 61.f8=Q Qd3+
62.Kf2 Qd2+ 63.Kf1 Qxe3 64.Qf2 Qxf2+  0-1

[Event "St Petersburg op2"]
[Site "St Petersburg"]
[Date "1994.??.??"]
[Round "5"]
[White "Zakharevich, Igor"]
[Black "Aleksandrov, Aleksej"]
[Result "1/2-1/2"]
[WhiteElo "2415"]
[BlackElo "2525"]

1.d4 Nf6 2.c4 e6 3.Nf3 Bb4+ 4.Bd2 a5 5.g3 d5 6.Qc2 c6 7.Bg2 b6 8.O-O Ba6
9.Bxb4 axb4 10.Nbd2 O-O 11.Rfc1 Nbd7 12.e4 dxc4 13.Nxc4 c5 14.dxc5 Rc8 15.e5 Nd5
16.Qe4 Rxc5 17.Ncd2 Rxc1+ 18.Rxc1 Nc5 19.Qd4 Ne7 20.Nb3 Nd3 21.Qxd8 Rxd8
22.Rd1 Nc6 23.Bf1 h6 24.Bxd3 Bxd3 25.Nc1 Bb1 26.Rxd8+ Nxd8 27.Nd2 Bc2 28.Nc4 Nc6
29.f4 b5 30.Nd6 Nd4 31.Kf2 f6 32.exf6 gxf6 33.Ke3 e5 34.fxe5 fxe5 35.Nd3 Bxd3
36.Kxd3 Kg7 37.Ke4 Kf6 38.g4 b3 39.axb3 Ke6 40.Nf5 Nxb3 41.Nxh6 Nc5+ 42.Ke3 Na4
43.b4 Nc3 44.g5 Nd5+ 45.Ke4 Nxb4 46.Ng4 Nc6 47.Nf2 Kf7 48.Nd3 b4  1/2-1/2

[Event "St Petersburg op2"]
[Site "St Petersburg"]
[Date "1994.??.??"]
[Round "9"]
[White "Zakharevich, Igor"]
[Black "Loginov, Valery A"]
[Result "1/2-1/2"]
[WhiteElo "2415"]
[BlackElo "2610"]

1.d4 Nf6 2.c4 e6 3.Nf3 Bb4+ 4.Bd2 Qe7 5.g3 Nc6 6.Nc3 O-O 7.Bg2 Bxc3 8.Bxc3 Ne4
9.Rc1 d6 10.d5 Nd8 11.dxe6 Nxe6 12.Bb4 a5 13.Ba3 f5 14.b3 Kh8 15.Bb2 b6 16.Nd4 Nxd4
17.Qxd4 Bb7 18.O-O Rf6 19.Rcd1 Re6 20.Bc1 Rf8 21.Rd3 Qe8 22.a3 Qh5 23.b4 axb4
24.axb4 Rfe8 25.Ra3 R6e7 26.Ra7 c5 27.bxc5 dxc5 28.Qb2 Qg6 29.Bf4 Qe6 30.Bf3 Kg8
31.Rb1 g5 32.Bxg5 Nxg5 33.Bxb7 Qxc4 34.Qxb6 Rxe2 35.Qb3 Qxb3 36.Rxb3 Nh3+
37.Kg2 Nxf2 38.Kf3 Nh3 39.Bd5+ Kh8 40.g4 f4 41.g5 Nxg5+ 42.Kxf4 Ne6+ 43.Bxe6 R2xe6
44.h4 Re4+ 45.Kg3 R4e7 46.Rxe7 Rxe7 47.Rb8+ Kg7 48.Rc8 Re5 49.Kg4 Kf6 50.Rc6+ Ke7
51.Rc7+ Kd6 52.Rxh7 c4 53.Rf7 c3 54.Rf1 Kd5  1/2-1/2

[Event "SVK-chT"]
[Site "?"]
[Date "1994.??.??"]
[Round "?"]
[White "Danek, Pavol"]
[Black "Lembak, Jurij"]
[Result "1/2-1/2"]
[WhiteElo "2120"]
[BlackElo "2265"]

1.d4 Nf6 2.Nf3 e6 3.c4 Bb4+ 4.Bd2 c5 5.Bxb4 cxb4 6.Nbd2 d5 7.e3 O-O 8.Bd3 Nc6
9.O-O Bd7 10.Ne5 Rc8 11.f4 Ne8 12.cxd5 exd5 13.Qf3 Ne7 14.Rac1 Nd6 15.Nb3 b6
16.Ba6 Rxc1 17.Rxc1 Bf5 18.g4 Be4 19.Qg3 f6 20.Nd3 Bxd3 21.Bxd3 a5 22.f5 Qd7
23.Rc2 Rc8 24.Rxc8+ Nexc8 25.Nc1 Ne7 26.b3 Kf7 27.Ne2 Qc6 28.Qe1 Nb5 29.Bxb5 Qxb5
30.Nf4 Qc6 31.Qd2 Nc8 32.Qg2 Ne7  1/2-1/2

[Event "SVK-chT"]
[Site "?"]
[Date "1994.??.??"]
[Round "?"]
[White "Sedlakova, Ivana"]
[Black "Csolto, Tibor"]
[Result "1-0"]
[WhiteElo "2140"]
[BlackElo "2155"]

1.d4 Nf6 2.c4 e6 3.Nf3 Bb4+ 4.Bd2 Qe7 5.a3 Bxd2+ 6.Nbxd2 d5 7.e3 O-O 8.Bd3 b6
9.Qc2 c5 10.dxc5 bxc5 11.O-O Bb7 12.e4 dxe4 13.Nxe4 Nbd7 14.Rfe1 Rfd8 15.Rad1 Nf8
16.Rd2 Ng6 17.Red1 Nh5 18.Neg5 f5 19.Re1 Rxd3 20.Qxd3 Bxf3 21.Nxf3 Nhf4 22.Qd6 Qb7
23.Qd7 Qb3 24.Qb5 Qa2 25.g3 a6 26.Qb7 Rf8 27.gxf4 Qxc4 28.Rd7  1-0

[Event "SVK-chT"]
[Site "?"]
[Date "1994.??.??"]
[Round "12"]
[White "Golod, Vitali"]
[Black "Hracek, Zbynek"]
[Result "1/2-1/2"]
[WhiteElo "2490"]
[BlackElo "2510"]

1.d4 Nf6 2.c4 e6 3.Nf3 Bb4+ 4.Bd2 Qe7 5.g3 Nc6 6.Bg2 Bxd2+ 7.Nbxd2 d6 8.O-O O-O
9.e4 e5 10.d5 Nb8 11.b4 a5 12.a3 Bg4 13.h3 Bxf3 14.Qxf3 c6 15.Qe3 Na6 16.Rfb1 axb4
17.dxc6 bxc6 18.axb4 Qb7 19.Qc3 Nc7 20.Nb3 Ne6 21.c5 Rxa1 22.Rxa1 dxc5 23.Nxc5 Nxc5
24.Qxc5 h5 25.Ra7 Qb8 26.Ra6 Rc8 27.h4 Qb5 28.Qxb5  1/2-1/2

[Event "SWE-chT 9394"]
[Site "SWE"]
[Date "1994.??.??"]
[Round "5"]
[White "Sandstrom, Ludvig"]
[Black "Kretz, Johan"]
[Result "1-0"]
[WhiteElo "2295"]
[BlackElo "2195"]

1.d4 e6 2.c4 Nf6 3.Nf3 Bb4+ 4.Bd2 Qe7 5.g3 Nc6 6.Nc3 Bxc3 7.Bxc3 Ne4 8.Rc1 O-O
9.Bg2 d6 10.d5 Nd8 11.Qd4 f5 12.dxe6 Nxe6 13.Qe3 Nxc3 14.Rxc3 Qf6 15.O-O Bd7
16.Rd1 Rae8 17.Rc2 Bc6 18.Qc3 Qh6 19.Nd4 Be4 20.Nxe6 Rxe6 21.Rcd2 Qh5 22.c5 Rh6
23.h4 Bxg2 24.Kxg2 f4 25.cxd6 fxg3 26.fxg3 Rxd6 27.Qc4+ Kh8 28.Rxd6 cxd6
29.Rxd6 h6 30.Qd3 Qf7 31.Qf3 Qe8 32.Re6 Qc8 33.Qe3 Qc4 34.b3 Qc2 35.Qe5 Qc1
36.Kh2 Rf2+ 37.Kh3 Qc8 38.g4 Rf8 39.Rxh6+ Kg8 40.Qe6+ Qxe6 41.Rxe6 Kf7 42.Re3 Rc8
43.Kg3 Rc2 44.a4 b6 45.Kf3 Rc1 46.Kf4 g6 47.Rd3 Rh1 48.Kg5 Ke6 49.Rf3 Ke5
50.Rf7 Rh3 51.Re7+ Kd4 52.Rxa7 Rxb3 53.Kxg6  1-0

[Event "SWE-chT 9394"]
[Site "SWE"]
[Date "1994.??.??"]
[Round "9"]
[White "Sandstrom, Ludvig"]
[Black "Astrom, Goran"]
[Result "1/2-1/2"]
[WhiteElo "2295"]
[BlackElo "2290"]

1.d4 Nf6 2.Nf3 e6 3.c4 Bb4+ 4.Bd2 Qe7 5.g3 Nc6 6.Nc3 Bxc3 7.Bxc3 Ne4 8.Rc1 d6
9.d5 Nxc3 10.Rxc3 Nb8 11.Bg2 O-O 12.O-O a5 13.dxe6 fxe6 14.Nd4 Na6 15.b3 c6
16.Qd2 e5 17.Nc2 Nc5 18.Ne3 Be6 19.Rcc1 Qc7 20.Rcd1 Rad8 21.Qc3 Nd7 22.Rd2 Nf6
23.Rfd1 Rd7 24.a3 Rfd8 25.b4 axb4 26.axb4 h6 27.Qc2 Qb6 28.Qc3 Qc7 29.Qc2 Qb6
30.Qc3 Qc7  1/2-1/2

[Event "SWZ-chT"]
[Site "SWZ"]
[Date "1994.??.??"]
[Round "1"]
[White "Sutter, Oliver"]
[Black "Schauwecker, Meinrad"]
[Result "1/2-1/2"]
[WhiteElo "2260"]
[BlackElo "2305"]

1.d4 e6 2.Nf3 Nf6 3.c4 Bb4+ 4.Bd2 Bxd2+ 5.Qxd2 d6 6.Nc3 Nbd7 7.g3 O-O 8.Bg2 Re8
9.O-O c6 10.e4 e5 11.Nh4 Nf8 12.d5 c5 13.a3 a6 14.b4 N6d7 15.Nf5 Qc7 16.Ne3 Nb6
17.b5 Bd7 18.a4 a5 19.Ne2 Qc8 20.Nc1 Qd8 21.Nb3 Nc8 22.Qc3 Ne7 23.Rae1 b6
24.Qd3 Ra7 25.Nd2 Bc8 26.Bf3 Bh3 27.Bg2 Qc8 28.Nf3 Nfg6 29.Ng5 Bd7 30.Qc3 h6
31.Nf3 Rf8 32.Nd2 Bh3 33.Qd3 Bxg2 34.Kxg2 Rd7 35.h4 Rdd8 36.h5 Nh8 37.f4 exf4
38.gxf4 f5 39.exf5 Nxf5 40.Nxf5 Rxf5 41.Qh3 Rdf8 42.Ne4 Qd8 43.Qg4 Kh7 44.Ng3 R5f6
45.Re6 g6 46.Ne4 gxh5 47.Nxf6+ Rxf6 48.Qxh5 Qg8+ 49.Kh2 Rxe6 50.dxe6 Qxe6
51.Rg1 Ng6 52.Qg4 Qf7 53.Rg3 Ne7 54.f5 Qf6 55.Rf3 d5 56.cxd5 Nxd5 57.Qg6+ Qxg6
58.fxg6+ Kxg6 59.Re3 Nb4 60.Re6+ Kf5 61.Rxb6 c4 62.Rb8 Ke4 63.b6 c3 64.b7 Na6
65.Re8+ Kd4 66.Ra8 c2 67.Rxa6 c1=Q 68.Rd6+ Kc5 69.b8=Q Qf4+ 70.Kg2 Qxd6  1/2-1/2

[Event "SWZ-chT"]
[Site "SWZ"]
[Date "1994.??.??"]
[Round "5"]
[White "Gruenenwald, Joerg"]
[Black "Franzoni, Giancarlo"]
[Result "1/2-1/2"]
[WhiteElo "2325"]
[BlackElo "2445"]

1.d4 Nf6 2.c4 e6 3.Nf3 Bb4+ 4.Bd2 Bxd2+ 5.Qxd2 O-O 6.Nc3 d5 7.e3 Qe7 8.Rc1 Rd8
9.Qc2 dxc4 10.Bxc4 c5 11.O-O Nc6 12.dxc5 Qxc5 13.Ne4 Qe7 14.Rfd1  1/2-1/2

[Event "Szekszard op"]
[Site "Szekszard"]
[Date "1994.??.??"]
[Round "1"]
[White "Horvath, Jozsef"]
[Black "Horvath, Istvan"]
[Result "1/2-1/2"]
[WhiteElo "2520"]
[BlackElo "2220"]

1.d4 Nf6 2.Nf3 e6 3.c4 Bb4+ 4.Bd2 c5 5.Bxb4 cxb4 6.g3 O-O 7.Bg2 Qc7 8.Nbd2 d6
9.O-O e5 10.e3 Nc6 11.d5 Nb8 12.Ne1 a5 13.a3 Na6 14.Nd3 Nc5 15.Nxc5 Qxc5
16.axb4 Qxb4 17.Ra3 a4 18.Qc2 Bd7 19.Qc3 Qxc3 20.Rxc3 Rfc8 21.Rfc1 b6 22.f4 Re8
23.Ra1 exf4 24.gxf4 Rac8 25.Bf3 h6 26.Kf2 g5 27.Rg1 g4 28.Be2 h5 29.Ra3 h4
30.b4 b5 31.cxb5 Rc2 32.Ke1 Rc1+ 33.Kf2 Rc2 34.Ke1 Rc1+ 35.Kf2 Rc2  1/2-1/2

[Event "Szekszard op"]
[Site "Szekszard"]
[Date "1994.??.??"]
[Round "6"]
[White "Lukacs, Peter"]
[Black "Horvath, Jozsef"]
[Result "1/2-1/2"]
[WhiteElo "2490"]
[BlackElo "2520"]

1.d4 Nf6 2.c4 e6 3.Nf3 Bb4+ 4.Bd2 c5 5.Bxb4 cxb4 6.g3 O-O 7.Bg2 d6 8.O-O Nc6
9.Qd3 e5 10.Nbd2 Re8 11.e4 Bg4 12.h3 Bxf3 13.Nxf3 a5 14.Rad1 Qb6 15.Rd2 Rac8
16.b3 Qa7 17.Rfd1 Rc7 18.Kh2 Rce7 19.Qc2 Qb8 20.Re2  1/2-1/2

[Event "ISR-ch"]
[Site "Tel Aviv"]
[Date "1994.??.??"]
[Round "7"]
[White "Psakhis, Lev"]
[Black "Gofshtein, Leonid D"]
[Result "1/2-1/2"]
[WhiteElo "2605"]
[BlackElo "2495"]

1.d4 Nf6 2.c4 e6 3.Nf3 Bb4+ 4.Bd2 c5 5.Bxb4 cxb4 6.g3 O-O 7.Bg2 d6 8.Nbd2 Nc6
9.Nf1 Bd7 10.Ne3 Ne7 11.O-O a5 12.Rc1 Rc8 13.Qd3 Qb6 14.Rfd1 h6 15.Nd2 Rfe8
16.Ne4 Nxe4 17.Bxe4 Qa6 18.Qd2 Kf8 19.Bf3 Rc7 20.b3 Rec8 21.a3 bxa3 22.Ra1 Nf5
23.Nxf5 exf5 24.Rxa3 b6 25.Rda1 Rd8 26.Qf4 Be6 27.h4 Re7 28.d5 Bc8 29.b4 Rc7
30.bxa5 bxa5 31.Ra4 Rc5 32.Qd2 Qb6 33.Qc3 Qc7 34.Qd2 Bd7 35.Rxa5 Rxc4 36.Ra7 Qc5
37.R1a5 Qb4 38.Qxb4 Rxb4 39.Rc7 f4 40.Raa7 Bc8 41.g4 g5 42.hxg5  1/2-1/2

[Event "Tilburg blitz"]
[Site "Tilburg"]
[Date "1994.??.??"]
[Round "1"]
[White "Vyzmanavin, Alexey"]
[Black "Mokry, Karel"]
[Result "1/2-1/2"]
[WhiteElo "2610"]
[BlackElo "2530"]

1.d4 Nf6 2.c4 e6 3.Nf3 Bb4+ 4.Bd2 c5 5.Bxb4 cxb4 6.g3 O-O 7.Bg2 d6 8.Nbd2 Nc6
9.Nf1 e5 10.Ne3 Ng4 11.Nc2 a5 12.O-O Be6 13.Nfe1 Bf5 14.d5  1/2-1/2

[Event "Tilburg rapid20"]
[Site "Tilburg"]
[Date "1994.??.??"]
[Round "1"]
[White "Khenkin, Igor"]
[Black "Drasko, Milan"]
[Result "1-0"]
[WhiteElo "2580"]
[BlackElo "2520"]

1.d4 Nf6 2.c4 e6 3.Nf3 Bb4+ 4.Bd2 Qe7 5.g3 Nc6 6.Nc3 Bxc3 7.Bxc3 Ne4 8.Rc1 d6
9.d5 Nxc3 10.Rxc3 Nd8 11.Bg2 e5 12.c5 O-O 13.cxd6 cxd6 14.O-O f5 15.e3 Nf7
16.Qb3 h6 17.Rfc1 Qf6 18.Rc7 Ng5 19.R1c4 Ne4 20.Qc2 Qd8 21.b4 b5 22.R4c6 a5
23.Nh4 Bd7 24.Rb6 Nc5 25.bxc5 Qxc7 26.Rxd6 Rac8 27.Qb2 Rf7 28.Qxe5 Qxc5 29.Rxd7 Rxd7
30.Nxf5 Qf8 31.Qe6+ Rf7 32.Nd6 Rd8 33.Nxf7 Qxf7 34.Qb6  1-0

[Event "Vienna op"]
[Site "Vienna"]
[Date "1994.??.??"]
[Round "4"]
[White "Soln, Primoz"]
[Black "Gaertner, Guntram"]
[Result "1-0"]
[WhiteElo "2235"]
[BlackElo "2325"]

1.d4 Nf6 2.Nf3 e6 3.c4 Bb4+ 4.Bd2 a5 5.g3 b6 6.Bg2 Bb7 7.O-O Bxd2 8.Nbxd2 d6
9.Qc2 Nbd7 10.b3 O-O 11.e4 e5 12.d5 c6 13.dxc6 Bxc6 14.Rad1 Nc5 15.Rfe1 Qc7
16.Nh4 b5 17.Nf5 g6 18.Ne3 Rfd8 19.f4 Ne6 20.cxb5 Bxb5 21.Qxc7 Nxc7 22.Ndc4 Bxc4
23.Nxc4 Nb5 24.fxe5 dxe5 25.Nxe5 Rxd1 26.Rxd1 Nc3 27.Re1 Nxa2 28.Nc4 Rb8
29.e5 Nd7 30.Nxa5 Rb5 31.Nc6 Nb4 32.e6 fxe6 33.Rxe6 Nc5 34.Re5 Nbd3 35.Bd5+ Kf8
36.Re3 Nb4 37.Rf3+ Kg7 38.Rf7+ Kh6 39.Bc4 Rb6 40.Ne5 Ne4 41.Re7 Nd6 42.Bg8 Rb7
43.Nd7 Nd3 44.Rxh7+ Kg5 45.Be6  1-0

[Event "Vienna op"]
[Site "Vienna"]
[Date "1994.??.??"]
[Round "6"]
[White "Herzog, Adolf"]
[Black "Rudolf, Henrik"]
[Result "1-0"]
[WhiteElo "2400"]
[BlackElo "2245"]

1.d4 Nf6 2.c4 e6 3.Nf3 Bb4+ 4.Bd2 Qe7 5.g3 Nc6 6.Bg2 Bxd2+ 7.Nbxd2 d6 8.O-O O-O
9.e4 e5 10.d5 Nb8 11.h3 a5 12.Nh2 Nbd7 13.f4 Nc5 14.f5 c6 15.g4 h6 16.Qf3 cxd5
17.cxd5 Bd7 18.h4 Nh7 19.Qg3 f6 20.Kh1 Bb5 21.Rg1 Rac8 22.Bf1 Bxf1 23.Raxf1 Nd7
24.Qe3 Rc2 25.Rf2 Rfc8 26.Qb3 Qd8 27.Rfg2 Qb6 28.Qd3 Qd4 29.Qb5 Nc5 30.Nhf3 Qxb2
31.Qe2 Qc3 32.g5 fxg5 33.hxg5 Nxg5 34.Nxg5 hxg5 35.Qh5 Rf8 36.Rxg5 Rf7 37.Qh6 Qxd2
38.Rxg7+ Kf8 39.Rxf7+ Kxf7 40.Rg7+  1-0

[Event "Vienna op"]
[Site "Vienna"]
[Date "1994.??.??"]
[Round "6"]
[White "Soln, Primoz"]
[Black "Weinzettl, Ernst"]
[Result "1/2-1/2"]
[WhiteElo "2235"]
[BlackElo "2320"]

1.d4 Nf6 2.c4 e6 3.Nf3 Bb4+ 4.Bd2 c5 5.Bxb4 cxb4 6.g3 O-O 7.Bg2 d6 8.O-O Nc6
9.a3 bxa3 10.Rxa3 a5 11.Nc3 e5 12.e3 Bg4 13.Qd2 Rc8 14.b3 Qb6 15.Nb5 Bxf3
16.Bxf3 exd4 17.exd4 d5 18.cxd5 Nb4 19.Nc3 Qd8 20.Rd1 b6 21.Raa1 Nfxd5 22.Nxd5 Nxd5
23.Bxd5 Qxd5 24.b4  1/2-1/2